| 000 | 01103nam a22003017a 4500 | ||
|---|---|---|---|
| 003 | CHAP | ||
| 005 | 20220329140057.0 | ||
| 008 | 971013s1978 r 10010 d | ||
| 010 | _a46638 | ||
| 011 | _a47610 | ||
| 035 | _a51753 | ||
| 040 | _cCHAP | ||
| 090 | _aFolleto 10977 | ||
| 111 | 0 | 0 |
_aReunión Nacional para el Desarrollo de Programas de Estudio (Cereales y leguminosas textiles y oleaginosas, hortalizas) ( _n4 _d: 1978 _c: Aguascalientes, Ags.) _996530 |
| 245 | _aMemoria | ||
| 260 |
_aMéxico, D. F. : _bAsociación Mexicana de Educación Agrícola Superior, _c1978 |
||
| 300 | _a20 p. | ||
| 590 |
_aBATCH-UPD _b10 _c20130110 _lUCH01 _h1122 |
||
| 590 |
_aBATCH-UPD _b10 _c20130410 _lUCH01 _h0712 |
||
| 590 |
_aBATCH-UPD _b10 _c20130914 _lUCH01 _h0055 |
||
| 590 |
_aCONVERSION _b10 _c20130109 _lUCH01 _h1325 |
||
| 650 | 1 | 4 |
_aAgricultura _xPlanes de estudio. _91769 |
| 901 | _aBK | ||
| 942 | _cFOLL | ||
| 949 |
_aFolleto 10977 _bBC _cFOLL _d-115636 _eTS1 _i51753 _si |
||
| 949 |
_aFolleto 10977 _bBC _cFOLL _d-115637 _eTS2 _fc.2 _i51753 _si |
||
| 949 |
_aFolleto 10977 _bBC _cFOLL _d-115638 _eTS2 _fc.3 _i51753 _si |
||
| 999 |
_c46638 _d46638 |
||